<?xml version="1.0" encoding="UTF-8"?>
<record
    xmlns:xsi="http://www.w3.org/2001/XMLSchema-instance"
    xsi:schemaLocation="http://www.loc.gov/MARC21/slim http://www.loc.gov/standards/marcxml/schema/MARC21slim.xsd"
    xmlns="http://www.loc.gov/MARC21/slim">

  <leader>01332cam a2200373 a 4500</leader>
  <controlfield tag="001">16916096</controlfield>
  <controlfield tag="003">OSt</controlfield>
  <controlfield tag="005">20150408114135.0</controlfield>
  <controlfield tag="008">110720s2013    moua     b    001 0 eng  </controlfield>
  <datafield tag="010" ind1=" " ind2=" ">
    <subfield code="a">  2011030889</subfield>
  </datafield>
  <datafield tag="020" ind1=" " ind2=" ">
    <subfield code="a">9781416061649 (hardcover : alk. paper)</subfield>
  </datafield>
  <datafield tag="035" ind1=" " ind2=" ">
    <subfield code="a">(DNLM)101565033</subfield>
  </datafield>
  <datafield tag="040" ind1=" " ind2=" ">
    <subfield code="a">DNLM/DLC</subfield>
    <subfield code="c">DLC</subfield>
    <subfield code="d">DLC</subfield>
  </datafield>
  <datafield tag="042" ind1=" " ind2=" ">
    <subfield code="a">pcc</subfield>
  </datafield>
  <datafield tag="050" ind1="0" ind2="0">
    <subfield code="a">RB40</subfield>
    <subfield code="b">.T44 2013</subfield>
  </datafield>
  <datafield tag="060" ind1="1" ind2="0">
    <subfield code="a">QY 90</subfield>
  </datafield>
  <datafield tag="082" ind1="0" ind2="0">
    <subfield code="a">616.0756 TIT</subfield>
    <subfield code="2">23</subfield>
  </datafield>
  <datafield tag="245" ind1="0" ind2="0">
    <subfield code="a">Tietz textbook of clinical chemistry and molecular diagnostics /</subfield>
    <subfield code="c">[edited by] Carl A. Burtis, Edward R. Ashwood, David E. Bruns.</subfield>
  </datafield>
  <datafield tag="246" ind1="1" ind2=" ">
    <subfield code="a">Textbook of clinical chemistry and molecular diagnostics</subfield>
  </datafield>
  <datafield tag="246" ind1="1" ind2=" ">
    <subfield code="a">Clinical chemistry and molecular diagnostics</subfield>
  </datafield>
  <datafield tag="250" ind1=" " ind2=" ">
    <subfield code="a">5th ed.</subfield>
  </datafield>
  <datafield tag="260" ind1=" " ind2=" ">
    <subfield code="a">St. Louis, Mo. :</subfield>
    <subfield code="b">Saunders,</subfield>
    <subfield code="c">c2013.</subfield>
  </datafield>
  <datafield tag="300" ind1=" " ind2=" ">
    <subfield code="a">xviii, 2,238 p. :</subfield>
    <subfield code="b">ill. ;</subfield>
    <subfield code="c">29 cm.</subfield>
  </datafield>
  <datafield tag="504" ind1=" " ind2=" ">
    <subfield code="a">Includes bibliographical references and index.</subfield>
  </datafield>
  <datafield tag="650" ind1="1" ind2="2">
    <subfield code="a">Chemistry, Clinical</subfield>
    <subfield code="x">methods.</subfield>
    <subfield code="9">13867</subfield>
  </datafield>
  <datafield tag="650" ind1="2" ind2="2">
    <subfield code="a">Molecular Diagnostic Techniques.</subfield>
    <subfield code="9">36164</subfield>
  </datafield>
  <datafield tag="700" ind1="1" ind2=" ">
    <subfield code="a">Burtis, Carl A.</subfield>
    <subfield code="9">36165</subfield>
  </datafield>
  <datafield tag="700" ind1="1" ind2=" ">
    <subfield code="a">Ashwood, Edward R.,</subfield>
    <subfield code="d">1953-</subfield>
    <subfield code="9">36166</subfield>
  </datafield>
  <datafield tag="700" ind1="1" ind2=" ">
    <subfield code="a">Bruns, David E.,</subfield>
    <subfield code="d">1941-</subfield>
    <subfield code="9">36167</subfield>
  </datafield>
  <datafield tag="700" ind1="1" ind2=" ">
    <subfield code="a">Tietz, Norbert W.,</subfield>
    <subfield code="d">1926-</subfield>
    <subfield code="9">36168</subfield>
  </datafield>
  <datafield tag="906" ind1=" " ind2=" ">
    <subfield code="a">7</subfield>
    <subfield code="b">cbc</subfield>
    <subfield code="c">orignew</subfield>
    <subfield code="d">1</subfield>
    <subfield code="e">ecip</subfield>
    <subfield code="f">20</subfield>
    <subfield code="g">y-gencatlg</subfield>
  </datafield>
  <datafield tag="942" ind1=" " ind2=" ">
    <subfield code="2">ddc</subfield>
    <subfield code="c">BOOK</subfield>
  </datafield>
  <datafield tag="999" ind1=" " ind2=" ">
    <subfield code="c">30151</subfield>
    <subfield code="d">264651</subfield>
  </datafield>
  <datafield tag="952" ind1=" " ind2=" ">
    <subfield code="1">0</subfield>
    <subfield code="2">2013-06-25</subfield>
    <subfield code="4">0</subfield>
    <subfield code="7">1</subfield>
    <subfield code="a">616.0756 TTT</subfield>
    <subfield code="c">1</subfield>
    <subfield code="d">2013-06-25</subfield>
    <subfield code="h">CL</subfield>
    <subfield code="i">00307080</subfield>
    <subfield code="m">CL</subfield>
    <subfield code="r">2013-06-25 00:00:00</subfield>
    <subfield code="t">BOOK</subfield>
    <subfield code="w">ddc</subfield>
    <subfield code="y">0</subfield>
  </datafield>
  <datafield tag="952" ind1=" " ind2=" ">
    <subfield code="1">0</subfield>
    <subfield code="2">2013-06-25</subfield>
    <subfield code="4">0</subfield>
    <subfield code="7">0</subfield>
    <subfield code="a">616.0756 TTT</subfield>
    <subfield code="c">2</subfield>
    <subfield code="d">2013-06-25</subfield>
    <subfield code="h">CL</subfield>
    <subfield code="i">00307081</subfield>
    <subfield code="m">CL</subfield>
    <subfield code="q">2016-05-15</subfield>
    <subfield code="r">2016-05-16 00:00:00</subfield>
    <subfield code="t">BOOK</subfield>
    <subfield code="w">ddc</subfield>
    <subfield code="y">1</subfield>
  </datafield>
  <datafield tag="952" ind1=" " ind2=" ">
    <subfield code="1">0</subfield>
    <subfield code="2">2013-06-25</subfield>
    <subfield code="4">0</subfield>
    <subfield code="7">0</subfield>
    <subfield code="a">616.0756 TTT</subfield>
    <subfield code="c">3</subfield>
    <subfield code="d">2013-06-25</subfield>
    <subfield code="h">CL</subfield>
    <subfield code="i">00307082</subfield>
    <subfield code="m">CL</subfield>
    <subfield code="r">2013-06-25 00:00:00</subfield>
    <subfield code="t">BOOK</subfield>
    <subfield code="w">ddc</subfield>
    <subfield code="y">0</subfield>
  </datafield>
  <datafield tag="952" ind1=" " ind2=" ">
    <subfield code="1">0</subfield>
    <subfield code="2">2013-10-31</subfield>
    <subfield code="4">0</subfield>
    <subfield code="7">0</subfield>
    <subfield code="a">616.0756 TIT</subfield>
    <subfield code="d">2013-10-31</subfield>
    <subfield code="h">SZM</subfield>
    <subfield code="i">00403327</subfield>
    <subfield code="m">SZM</subfield>
    <subfield code="r">2013-10-31 00:00:00</subfield>
    <subfield code="t">BOOK</subfield>
    <subfield code="w">ddc</subfield>
    <subfield code="y">0</subfield>
  </datafield>
  <datafield tag="952" ind1=" " ind2=" ">
    <subfield code="1">0</subfield>
    <subfield code="2">2013-10-31</subfield>
    <subfield code="4">0</subfield>
    <subfield code="7">0</subfield>
    <subfield code="a">616.0756 TTT</subfield>
    <subfield code="d">2013-10-31</subfield>
    <subfield code="h">SZM</subfield>
    <subfield code="i">00403328</subfield>
    <subfield code="m">SZM</subfield>
    <subfield code="r">2013-10-31 00:00:00</subfield>
    <subfield code="t">BOOK</subfield>
    <subfield code="w">ddc</subfield>
    <subfield code="y">0</subfield>
  </datafield>
  <datafield tag="952" ind1=" " ind2=" ">
    <subfield code="1">0</subfield>
    <subfield code="2">2013-10-31</subfield>
    <subfield code="4">0</subfield>
    <subfield code="7">0</subfield>
    <subfield code="a">616.0756 TTT</subfield>
    <subfield code="d">2013-10-31</subfield>
    <subfield code="h">SZM</subfield>
    <subfield code="i">00403329</subfield>
    <subfield code="m">SZM</subfield>
    <subfield code="r">2013-10-31 00:00:00</subfield>
    <subfield code="t">BOOK</subfield>
    <subfield code="w">ddc</subfield>
    <subfield code="y">0</subfield>
  </datafield>
  <datafield tag="952" ind1=" " ind2=" ">
    <subfield code="1">0</subfield>
    <subfield code="2">2013-10-31</subfield>
    <subfield code="4">0</subfield>
    <subfield code="7">0</subfield>
    <subfield code="a">616.0756 TIT</subfield>
    <subfield code="d">2013-10-31</subfield>
    <subfield code="h">AMF</subfield>
    <subfield code="i">00403330</subfield>
    <subfield code="m">AMF</subfield>
    <subfield code="q">2015-03-02</subfield>
    <subfield code="r">2015-03-05 00:00:00</subfield>
    <subfield code="t">BOOK</subfield>
    <subfield code="w">ddc</subfield>
    <subfield code="y">1</subfield>
  </datafield>
  <datafield tag="952" ind1=" " ind2=" ">
    <subfield code="1">0</subfield>
    <subfield code="2">2013-10-31</subfield>
    <subfield code="4">0</subfield>
    <subfield code="7">0</subfield>
    <subfield code="a">616.0756 TIT</subfield>
    <subfield code="d">2013-10-31</subfield>
    <subfield code="h">AMF</subfield>
    <subfield code="i">00403331</subfield>
    <subfield code="m">AMF</subfield>
    <subfield code="r">2013-10-31 00:00:00</subfield>
    <subfield code="t">BOOK</subfield>
    <subfield code="w">ddc</subfield>
    <subfield code="y">0</subfield>
  </datafield>
  <datafield tag="952" ind1=" " ind2=" ">
    <subfield code="1">0</subfield>
    <subfield code="2">2013-10-31</subfield>
    <subfield code="4">0</subfield>
    <subfield code="7">0</subfield>
    <subfield code="a">616.0756 TIT</subfield>
    <subfield code="d">2013-10-31</subfield>
    <subfield code="h">AMF</subfield>
    <subfield code="i">00403332</subfield>
    <subfield code="m">AMF</subfield>
    <subfield code="r">2013-10-31 00:00:00</subfield>
    <subfield code="t">BOOK</subfield>
    <subfield code="w">ddc</subfield>
    <subfield code="y">0</subfield>
  </datafield>
  <datafield tag="952" ind1=" " ind2=" ">
    <subfield code="1">0</subfield>
    <subfield code="2">2013-10-31</subfield>
    <subfield code="4">0</subfield>
    <subfield code="7">0</subfield>
    <subfield code="a">616.0756 TIT</subfield>
    <subfield code="d">2013-10-31</subfield>
    <subfield code="h">AMF</subfield>
    <subfield code="i">00403333</subfield>
    <subfield code="m">AMF</subfield>
    <subfield code="q">2015-04-09</subfield>
    <subfield code="r">2015-06-08 00:00:00</subfield>
    <subfield code="t">BOOK</subfield>
    <subfield code="w">ddc</subfield>
    <subfield code="y">1</subfield>
  </datafield>
  <datafield tag="952" ind1=" " ind2=" ">
    <subfield code="1">0</subfield>
    <subfield code="2">2013-10-31</subfield>
    <subfield code="4">0</subfield>
    <subfield code="7">0</subfield>
    <subfield code="a">616.0756 TIT</subfield>
    <subfield code="d">2013-10-31</subfield>
    <subfield code="h">IC</subfield>
    <subfield code="i">00403334</subfield>
    <subfield code="m">IC</subfield>
    <subfield code="r">2013-10-31 00:00:00</subfield>
    <subfield code="t">BOOK</subfield>
    <subfield code="w">ddc</subfield>
    <subfield code="y">0</subfield>
  </datafield>
  <datafield tag="952" ind1=" " ind2=" ">
    <subfield code="1">0</subfield>
    <subfield code="2">2013-10-31</subfield>
    <subfield code="4">0</subfield>
    <subfield code="7">0</subfield>
    <subfield code="a">616.0756 TIT</subfield>
    <subfield code="d">2013-10-31</subfield>
    <subfield code="h">IC</subfield>
    <subfield code="i">00403335</subfield>
    <subfield code="m">IC</subfield>
    <subfield code="r">2013-10-31 00:00:00</subfield>
    <subfield code="t">BOOK</subfield>
    <subfield code="w">ddc</subfield>
    <subfield code="y">0</subfield>
  </datafield>
  <datafield tag="952" ind1=" " ind2=" ">
    <subfield code="1">0</subfield>
    <subfield code="2">2013-10-31</subfield>
    <subfield code="4">0</subfield>
    <subfield code="7">0</subfield>
    <subfield code="a">616.0756 TIT</subfield>
    <subfield code="d">2013-10-31</subfield>
    <subfield code="h">IC</subfield>
    <subfield code="i">00403336</subfield>
    <subfield code="m">IC</subfield>
    <subfield code="r">2013-10-31 00:00:00</subfield>
    <subfield code="t">BOOK</subfield>
    <subfield code="w">ddc</subfield>
    <subfield code="y">0</subfield>
  </datafield>
</record>
